000 004720000a22001690004500
041 0 _aENG
082 0 4 _aG 266.0092 T2381b
100 1 _aTaylor, Howard
245 1 0 _aBehind the ranges : Biography of J. O. Fraser of Lisuland Southwest China / Howard Taylor
260 _aChicago, ILL., USA : Moody
300 _a343 Pag
001 7502
942 _cBK
999 _c37714
_d37714
336 _atexto
_btxt
_2rdacontent
337 _2rdamedia
_asin mediación
_bn
338 _2rdacarrier
_avolumen
_bnc